| 000 | 00612nam a2200133Ia 4500 | ||
|---|---|---|---|
| 008 | 220620s9999||||xx |||||||||||||| ||und|| | ||
| 022 | _a16648714 | ||
| 100 | _aAgustin Estrada-Pena||Jose De La Fuente | ||
| 245 | 4 | _aThe biology and ecology of ticks shape the potential for the transmission of zoonotic pathogens | |
| 546 | _aEnglish[eng] | ||
| 650 | _aReview Literature as Topic||Ticks||tick-transmitted pathogens||Ecology||Epidemiology | ||
| 856 | _uhttp://journal.frontiersin.org/researchtopic/1281/the-biology-and-ecology-of-ticks-shape-the-potential-for-the-transmission-of-zoonotic-pathogens | ||
| 942 | _cEB | ||
| 999 |
_c22352 _d22352 |
||